[Event "Avoine op 25th"]
[Site "Avoine"]
[Date "2010.07.22"]
[Round "6"]
[White "Jaury, Maxime"]
[Black "Schwarzat, Julian"]
[Result "0-1"]
[WhiteElo "1706"]
[BlackElo "1942"]
[PlyCount "78"]
[EventDate "2010.07.17"]
[EventType "swiss"]
[EventRounds "9"]
[EventCountry "FRA"]
[SourceTitle "EXT 2011"]
[Source "ChessBase"]
[SourceDate "2010.11.26"]
[SourceVersion "1"]
[SourceVersionDate "2010.11.26"]
[SourceQuality "1"]

1. e4 e6 2. d4 d5 3. exd5 exd5 4. Nf3 Bd6 5. Nc3 c6 6. Bd3 Ne7 7. 0-0 Bf5 8. Bxf5 Nxf5 9. Re1+ Ne7 10. Bg5 f6 11. Bd2 0-0 12. Qe2 Ng6 13. Qe6+ Kh8 14. Re2 Na6 15. Rae1 Nc7 16. Qf5 Qc8 17. Qxc8 Raxc8 18. g3 Kg8 19. Nd1 Rfe8 20. Ne3 Kf7 21. Nf5 Bf8 22. h4 Rxe2 23. Rxe2 Re8 24. Kf1 Rxe2 25. Kxe2 Ke6 26. g4 h5 27. Ne3 Nf4+ 28. Kf1 hxg4 29. Nxg4 Bd6 30. Ne1 Kf5 31. Nh2 Ng6 32. Nhf3 Kg4 33. Ke2 Nxh4 34. Nxh4 Kxh4 35. Kf3 Ne6 36. Ng2+ Kh5 37. Nf4+ Bxf4 38. Bxf4 Nxd4+ 39. Ke3 Nxc2+ 0-1